Disney's "The Jungle Book" Quiz - Statistics

General Stats
  • This quiz has been taken 41 times
  • The average score is 13 of 20
Answer Stats
Hint Answer % Correct
Name of the little boy Mowgli
100%
The lazy and carefree bear Baloo
92%
Murderous tiger Shere Khan
89%
Animals that raised the boy Wolves
84%
His song I Wan'na {Be} {Like} {You}
78%
The wise panther Bagheera
70%
Animal that is Colonel Hathi Elephant
68%
Country where the story takes place India
68%
Animal species of this character Orangutan
62%
Birds the boy befriends Vultures
62%
Place the boy has to go Man-Village
59%
Snake species of this character Python
59%
Real band these birds are based on The Beatles
59%
His song {Trust} in Me
59%
Author of the book from which the film is adapted Rudyard Kipling
57%
What he wants to learn from the boy How to make fire
54%
Name of the monkey's leader King Louie
54%
Hypnotizing snake Kaa
51%
♫ All you gotta do is Look for the... ♫ {Bare} {Necessities}
49%
Nickname the animals give to the boy Man-cub
41%
No matching quizzes found
Score Distribution
Percent of People with Each Score
Percentile by Number Answered
Your Score History
You have not taken this quiz